000 00872cab a2200241 4500
001 X93867
008 090401t1998 xxu||||| |||| 00| 0 eng d
035 _a(Sirsi) u88464
041 _aeng
245 _aI`m Your Man Ltd v SoS Environment
260 _c1998
350 _a0
490 _aNew Property Cases
_v[1998] NPC 131 (05/09/98)
520 _a"I`m Your Man Ltd v SoS Environment" ChD 5 September 1998. A most careful distinction is drawn between a limitation and a condition in the grant of a planning permission and the consequences of each. TAKEN FROM JOURNAL HEADNOTE. NOT TO BE PHOTOCOPIED.
650 _aCONDITION
650 _aI`M YOUR MAN LTD V SOS ENVIRONMENT
650 _aLEISURE ACTIVITIES
650 _aLIMITATION
650 _aPLANNING PERMISSION
690 _aPLANNING LAW AND PRACTICE-CASE LAW
942 _n0
948 _c15/09/1998
999 _c55885
_d55885